| 000 | 00392nam a22001697a 4500 | ||
|---|---|---|---|
| 003 | SGT | ||
| 005 | 20260602162022.0 | ||
| 020 | _a9789351296669 | ||
| 082 |
_a612.3 _bE17J |
||
| 100 | _aJOHN, SHEILA | ||
| 245 | _aESSENTIALS OF NUTRITION & DIETETICS FOR NURSING | ||
| 250 | _a1ST | ||
| 260 |
_aINDIA _bWOLTERS KLUWER PUB _c2017 |
||
| 300 | _a291 | ||
| 650 | _aNUTRITION | ||
| 942 |
_2ddc _cBK |
||
| 999 |
_c34948 _d34948 |
||